00430nam a2200157Ia 4500008004100000020001500041041001200056082001700068100005400085245003800139250001200177260003300189300001300222500002700235650001000262231217s9999 xx 000 0 und d a8178811634 aEnglish a657 SEE.8;1 aSeethapathi, K ed. Padmavathi, C ed. Srinivas, N. 0aAccounting standards V.8 : leases a1st ed. c2003bICFAI PressaHyderabad avii, 202 aContent page available aICFAI